000 006360000a22001810004500
090 _aAR
_b01514
245 1 0 _aOriole pollination of Erythrina breviflora (<Leguminosae>): evidence for a polytypie view of ornithophily
650 1 4 _aPolinización
_994027
650 1 4 _aRelación planta-animal
_992861
650 1 4 _aOrnitología
_993189
651 4 _dOaxaca
_pMéxico
_992749
653 _fLeguminosae
_gErythrina
_eErythrina breviflora
041 0 _aInglés
700 1 _aToledo, Victor Manuel
_994866
100 1 _aCruden, Robert William
_994867
942 _cARTICULO
773 1 _tPlant Systematics and Evolution
_3496
_q393-403
_d1977
_g126
999 _c10597
_d10597